Entre separación de hecho y convivencia dual : (Registro nro. 6361)
[ vista simple ]
| 000 -LEADER | |
|---|---|
| fixed length control field | 01652nab a22003017a 4500 |
| 003 - CONTROL NUMBER IDENTIFIER | |
| control field | OSt |
| 005 - DATE AND TIME OF LATEST TRANSACTION | |
| control field | 20260131201614.0 |
| 008 - FIXED-LENGTH DATA ELEMENTS--GENERAL INFORMATION | |
| fixed length control field | 190603e xxum|||| |||| 00| 0 spa d |
| 040 ## - CATALOGING SOURCE | |
| Transcribing agency | PJ |
| 100 ## - MAIN ENTRY--PERSONAL NAME | |
| 9 (RLIN) | 7012 |
| Personal name | Starópoli, María del Carmen |
| 245 10 - TITLE STATEMENT | |
| Title | Entre separación de hecho y convivencia dual : |
| Remainder of title | la verdad judicial para determinar la exclusión hereditaria / |
| Statement of responsibility, etc | María del Carmen Starópoli. |
| 260 ## - PUBLICATION, DISTRIBUTION, ETC. (IMPRINT) | |
| Date of publication, distribution, etc | Ciudad Autónoma de Buenos Aires : |
| Place of publication, distribution, etc | Thomson Reuters La Ley, |
| Name of publisher, distributor, etc | 2025. |
| 300 ## - PHYSICAL DESCRIPTION | |
| Extent | p. 159-170 |
| 500 ## - GENERAL NOTE | |
| General note | Cita: TR LALEY AR/DOC/2860/2025 <br/>Publicado en: RCCyC 2025 (Diciembre). |
| 505 ## - FORMATTED CONTENTS NOTE | |
| Formatted contents note | Sumario: I. Los antecedentes del caso.— II. Contexto jurídico.— III. La separación de hecho como quebranto del matrimonio y de la vocación sucesoria.— IV. Separación de hecho con convivencia simultánea.— V. Del onus probandi a la fecha de separación: consecuencias para la herencia.— VI. Conclusión final. |
| 505 ## - FORMATTED CONTENTS NOTE | |
| Formatted contents note | Fallo comentado: CNCiv., sala K ~ 16/07/2025 ~ M., L. M. y otros c. B., M. M. y otros s/ exclusión de heredero. |
| 505 ## - FORMATTED CONTENTS NOTE | |
| Title | ¿Te interesa el texto completo? Solicitalo al correo: koha@justierradelfuego.gov.ar |
| 650 #0 - SUBJECT ADDED ENTRY--TOPICAL TERM | |
| 9 (RLIN) | 1497 |
| Topical term or geographic name as entry element | CODIGO CIVIL Y COMERCIAL |
| 650 #0 - SUBJECT ADDED ENTRY--TOPICAL TERM | |
| 9 (RLIN) | 888 |
| Topical term or geographic name as entry element | SUCESIONES |
| 650 #0 - SUBJECT ADDED ENTRY--TOPICAL TERM | |
| 9 (RLIN) | 1084 |
| Topical term or geographic name as entry element | HEREDEROS |
| 650 #0 - SUBJECT ADDED ENTRY--TOPICAL TERM | |
| Topical term or geographic name as entry element | ACERVO SUCESORIO |
| 9 (RLIN) | 4107 |
| 650 #0 - SUBJECT ADDED ENTRY--TOPICAL TERM | |
| Topical term or geographic name as entry element | SEPARACION DE HECHO |
| 9 (RLIN) | 5142 |
| 650 #0 - SUBJECT ADDED ENTRY--TOPICAL TERM | |
| Topical term or geographic name as entry element | CARGA DE LA PRUEBA |
| 9 (RLIN) | 3927 |
| 650 #0 - SUBJECT ADDED ENTRY--TOPICAL TERM | |
| Topical term or geographic name as entry element | DIVORCIO |
| 9 (RLIN) | 977 |
| 650 #0 - SUBJECT ADDED ENTRY--TOPICAL TERM | |
| Topical term or geographic name as entry element | LIQUIDACION DE LA SOCIEDAD CONYUGAL |
| 9 (RLIN) | 1022 |
| 773 0# - HOST ITEM ENTRY | |
| Host Biblionumber | 2713 |
| Host Itemnumber | 3170 |
| Place, publisher, and date of publication | Ciudad Autónoma de Buenos Aires : Thomson Reuters La Ley, 2015- |
| Title | Revista Código Civil y Comercial. Nº 6 - Diciembre 2025 |
| 942 ## - ADDED ENTRY ELEMENTS (KOHA) | |
| Source of classification or shelving scheme | |
| Koha item type | Analítica Artículo de Revista |
No hay ítems disponibles.
